000 00685nam a2200181Ia 4500
003 GCL
008 140319s9999 xx 000 0 ara d
040 _aGCL /
_cGCL
082 0 4 _a633.88
_bس م
100 1 _aسعد محمد خفاجى
245 1 0 _aالموسوعة العربية المصورة للعقاقير والتوابل والعطور فى تراجم الطب الشعبى, ج م /
_cسعد محمد خفاجى
300 _a472 ص
490 _aسلسلة النباتات الطبية واطالة عمر الانسان
_v0
650 0 4 _aالطب الشعبى
650 0 4 _aالنباتات الطبية
650 0 4 _aالتوابل والعطور
942 _2ddc
_cBK
999 _c43550
_d43550